[Event "CAN-ch U20 U1800"]
[Site "Toronto CAN"]
[Date "2019.08.11"]
[Round "7.37"]
[White "Zhong, April Yunwei"]
[Black "Xu, Xinge"]
[Result "0-1"]
[WhiteElo "1376"]
[BlackElo "1282"]
[PlyCount "132"]
[EventDate "2019.08.08"]
[EventType "swiss"]
[EventRounds "8"]
[EventCountry "CAN"]

1. d4 d5 2. Bf4 Nf6 3. e3 e6 4. Nd2 Be7 5. Ngf3 Nbd7 6. Bd3 b6 7. Ne5 Bb7 8.
Qf3 c5 9. c3 c4 10. Bc2 Nxe5 11. dxe5 Nd7 12. Qg4 g6 13. h4 h5 14. Qg3 Qc7 15.
Nf3 O-O-O 16. Nd4 a6 17. a4 Nc5 18. O-O Rdg8 19. Bg5 Bxg5 20. Qxg5 Qd8 21.
Qxd8+ Kxd8 22. Nf3 Ke7 23. Rab1 a5 24. b3 cxb3 25. Bxb3 Ba6 26. Rfc1 Rb8 27.
Nd4 Rhc8 28. Bc2 Bd3 29. Bxd3 Nxd3 30. Rd1 Nxe5 31. Rdc1 Nc4 32. Kh2 Nd2 33.
Rb2 Ne4 34. Kh3 Kd7 35. Rbc2 Rc4 36. Ra1 Rxc3 37. Rxc3 Nxc3 38. f3 Rc8 39. Nb5
Nxb5 40. axb5 Rc3 41. Re1 Rb3 42. e4 Rxb5 43. exd5 Rxd5 44. Rb1 Kc7 45. Ra1 Kb7
46. Kg3 Ka6 47. Kf4 b5 48. Ke4 a4 49. g3 Ka5 50. g4 hxg4 51. fxg4 b4 52. Rh1
f5+ 53. gxf5 Rxf5 54. Kd3 Rc5 55. Rg1 a3 56. Rxg6 a2 57. Rg8 Ka4 58. Re8 a1=Q
59. Rxe6 Qd1+ 60. Ke4 Qe1+ 61. Kf3 Qxe6 62. Kg3 Qe4 63. Kh3 Rc3+ 64. Kh2 Qe2+
65. Kg1 Rc2 66. Kh1 Qg2# 0-1

[Event "CAN-ch U20 U1800"]
[Site "Toronto CAN"]
[Date "2019.08.11"]
[Round "8.20"]
[White "Petrovic, Milos"]
[Black "Stoica, Savas Marin"]
[Result "0-1"]
[WhiteElo "1610"]
[BlackElo "1605"]
[PlyCount "34"]
[EventDate "2019.08.08"]
[EventType "swiss"]
[EventRounds "8"]
[EventCountry "CAN"]

1. e4 d6 2. d4 Nf6 3. Nc3 g6 4. Bd3 Bg7 5. Nge2 O-O 6. f3 c6 7. Be3 b5 8. Qd2
Nbd7 9. Bh6 e5 10. g4 exd4 11. Nxd4 b4 12. Nb1 Nxe4 13. Bxe4 Qh4+ 14. Kd1 Bxh6
15. Qxb4 d5 16. Nxc6 dxe4 17. Qc3 Bg7 0-1

[Event "CAN-ch U20 U1800"]
[Site "Toronto CAN"]
[Date "2019.08.11"]
[Round "8.21"]
[White "Selva, Karthik B"]
[Black "Jeyakumar, Bhavatharshan"]
[Result "0-1"]
[WhiteElo "1768"]
[BlackElo "1657"]
[PlyCount "144"]
[EventDate "2019.08.08"]
[EventType "swiss"]
[EventRounds "8"]
[EventCountry "CAN"]

1. d4 Nf6 2. Bf4 e6 3. Nf3 d5 4. e3 c5 5. c3 Bd6 6. Bg3 Nc6 7. Bd3 b6 8. Nbd2
Bb7 9. Qe2 Qe7 10. O-O Nd7 11. e4 Bxg3 12. fxg3 dxe4 13. Bxe4 cxd4 14. cxd4 Nf6
15. Bxc6+ Bxc6 16. Ne5 Bd7 17. Rac1 O-O 18. Ne4 Nd5 19. Nc3 Nf6 20. Rfd1 Rad8
21. Kh1 Qd6 22. Nc4 Qc6 23. Ne5 Qb7 24. Rd2 h6 25. Rcd1 Bc6 26. Nxc6 Qxc6 27.
a3 Rd7 28. Na2 Rfd8 29. Nb4 Qb7 30. g4 Qe4 31. Qxe4 Nxe4 32. Re2 Rxd4 33. Rde1
Nf6 34. Nc6 Nxg4 35. Nxd8 Rxd8 36. h3 Nf6 37. Rc2 Nd5 38. Rd1 Rb8 39. Rdc1 Rb7
40. Kg1 Kh7 41. Rf2 Re7 42. Rcf1 Kg6 43. h4 f6 44. Re2 e5 45. Rd2 Ne3 46. Re1
Nf5 47. Red1 e4 48. Rd7 Re6 49. Rxa7 e3 50. Re1 Nxh4 51. Ra4 Kg5 52. Rb4 f5 53.
Rb5 Kg4 54. Rb4+ f4 55. Kh2 g5 56. Rd4 h5 57. Rb4 Nf5 58. Ra4 Ng3 59. Rb4 h4
60. Rd4 h3 61. Rb4 e2 62. Rb3 Nf1+ 63. Kg1 hxg2 64. Kxg2 Nd2 65. Rd3 f3+ 66.
Kg1 Ne4 67. Rxe2 fxe2 68. Re3 Nc5 69. Rxe6 Nxe6 70. Kf2 Nd4 71. Ke1 Kf3 72. b4
Ke3 0-1

[Event "CAN-ch U20 U1800"]
[Site "Toronto CAN"]
[Date "2019.08.11"]
[Round "8.22"]
[White "Zhang, Henry X"]
[Black "Wang, Eric"]
[Result "1-0"]
[WhiteElo "1589"]
[BlackElo "1530"]
[PlyCount "73"]
[EventDate "2019.08.08"]
[EventType "swiss"]
[EventRounds "8"]
[EventCountry "CAN"]

1. e4 e5 2. Nf3 Nc6 3. Bb5 a6 4. Ba4 Nf6 5. O-O Be7 6. Re1 b5 7. Bb3 d6 8. c3
O-O 9. d4 Bg4 10. d5 Na5 11. Bc2 c5 12. b3 Nb7 13. Nbd2 Ne8 14. h3 Bd7 15. Nf1
g6 16. Bh6 Ng7 17. Ng3 Qc7 18. Qd2 Nd8 19. Nh2 f6 20. f4 Nf7 21. Bxg7 Kxg7 22.
f5 gxf5 23. exf5 h6 24. c4 Kh7 25. Ng4 Rg8 26. Nh5 Qd8 27. Qe3 Rg5 28. Nf4 h5
29. Ne6 Bxe6 30. fxe6+ Kh8 31. Nf2 Nh6 32. Ne4 Nf5 33. Qf2 Nd4 34. Nxg5 fxg5
35. Bd3 Qg8 36. Rf1 Rf8 37. Qe3 1-0

[Event "CAN-ch U20 U1800"]
[Site "Toronto CAN"]
[Date "2019.08.11"]
[Round "8.23"]
[White "Yang, Brett"]
[Black "Gao, Lucy"]
[Result "0-1"]
[WhiteElo "1575"]
[BlackElo "1628"]
[PlyCount "52"]
[EventDate "2019.08.08"]
[EventType "swiss"]
[EventRounds "8"]
[EventCountry "CAN"]

1. c4 Nf6 2. d4 e6 3. Nc3 Bb4 4. a3 Bxc3+ 5. bxc3 b6 6. Bg5 Bb7 7. e3 d6 8. Nf3
Nbd7 9. Bd3 h6 10. Bh4 Qe7 11. O-O e5 12. Bf5 O-O-O 13. Rb1 g6 14. Bh3 g5 15.
Bxd7+ Rxd7 16. Bg3 Ne4 17. Qc2 f6 18. Nd2 Qh7 19. Rb2 Nxd2 20. Qxd2 h5 21. f4
exf4 22. exf4 h4 23. Be1 h3 24. g3 Qe4 25. Qc1 Qh1+ 26. Kf2 Qg2+ 0-1

[Event "CAN-ch U20 U1800"]
[Site "Toronto CAN"]
[Date "2019.08.11"]
[Round "8.24"]
[White "Wang, Derek"]
[Black "Mugunthan, Vaamanan"]
[Result "1/2-1/2"]
[WhiteElo "1370"]
[BlackElo "1508"]
[PlyCount "56"]
[EventDate "2019.08.08"]
[EventType "swiss"]
[EventRounds "8"]
[EventCountry "CAN"]

1. Nf3 Nc6 2. d4 e6 3. Bf4 d5 4. c4 Bb4+ 5. Nbd2 Nf6 6. e3 O-O 7. Be2 dxc4 8.
Bxc4 Qe7 9. O-O Re8 10. a3 Bd6 11. Bg5 h6 12. Bh4 Qd8 13. Re1 Be7 14. Qc2 Nd5
15. Bxe7 Qxe7 16. Bxd5 exd5 17. e4 dxe4 18. Rxe4 Qd8 19. Rae1 Be6 20. Nb3 Ne7
21. Re5 Nc6 22. R5e2 Ne7 23. Qc3 Nd5 24. Qd2 b6 25. h3 Qd6 26. Ne5 Rad8 27. Nc4
Qd7 28. Ne5 Qd6 1/2-1/2

[Event "CAN-ch U20 U1800"]
[Site "Toronto CAN"]
[Date "2019.08.11"]
[Round "8.25"]
[White "Srinivas, Atharva"]
[Black "Khan, Riley"]
[Result "1/2-1/2"]
[WhiteElo "1720"]
[BlackElo "1445"]
[PlyCount "60"]
[EventDate "2019.08.08"]
[EventType "swiss"]
[EventRounds "8"]
[EventCountry "CAN"]

1. e4 c5 2. Nc3 e6 3. g3 Nc6 4. Bg2 Nf6 5. d3 Be7 6. f4 d5 7. Nf3 O-O 8. O-O a6
9. a3 Rb8 10. e5 Nd7 11. Re1 f6 12. exf6 Nxf6 13. Ng5 Nd4 14. Nf3 Bd6 15. Ne2
Nf5 16. Nc3 Re8 17. Ne5 b5 18. Nc6 Qb6 19. Nxb8 Bxb8 20. Kh1 Ba7 21. Rf1 h5 22.
Qe2 Bb7 23. Nd1 Kf7 24. Ne3 Nd4 25. Qd1 g6 26. c3 Nc6 27. Bf3 Rh8 28. h3 Ne7
29. Kh2 Qc7 30. Bg2 Kg7 1/2-1/2

[Event "CAN-ch U20 U1800"]
[Site "Toronto CAN"]
[Date "2019.08.11"]
[Round "8.26"]
[White "Darvekar, Yash"]
[Black "Uthayakumar, Ronan"]
[Result "0-1"]
[WhiteElo "1628"]
[BlackElo "1704"]
[PlyCount "92"]
[EventDate "2019.08.08"]
[EventType "swiss"]
[EventRounds "8"]
[EventCountry "CAN"]

1. e4 c5 2. Nf3 Nc6 3. c3 Nf6 4. e5 Nd5 5. d4 cxd4 6. cxd4 d6 7. Nc3 Nxc3 8.
bxc3 g6 9. exd6 Qxd6 10. Be2 Bg7 11. O-O O-O 12. a4 Qc7 13. Be3 Rd8 14. Bc4 Na5
15. Ba2 Qxc3 16. Bd2 Qc7 17. Rc1 Qb6 18. Rb1 Qa6 19. Qe1 Nc6 20. d5 Nd4 21.
Nxd4 Bxd4 22. Qxe7 Bf6 23. Qb4 Bd7 24. Qxb7 Qxa4 25. Bb3 Qh4 26. Ba5 Rdb8 27.
Qc7 Bf5 28. Bd1 Rc8 29. Bg4 Rxc7 30. Bxf5 Rc5 31. Bb4 Rb5 32. Bd7 Rb6 33. Bc6
Rab8 34. d6 Rxc6 35. Ba3 Rd8 36. Rfe1 Rd7 37. Re2 Bd4 38. Re7 Rxe7 39. dxe7 Rc8
40. Rd1 Bf6 41. Rd8+ Rxd8 42. exd8=Q+ Bxd8 43. Kf1 f5 44. Ke2 Kf7 45. Kd3 Bb6
46. f3 Ke6 {...} 0-1

[Event "CAN-ch U20 U1800"]
[Site "Toronto CAN"]
[Date "2019.08.11"]
[Round "8.27"]
[White "Yang, Larry"]
[Black "Ruchinskaya, Valerie"]
[Result "0-1"]
[WhiteElo "1378"]
[BlackElo "1460"]
[PlyCount "146"]
[EventDate "2019.08.08"]
[EventType "swiss"]
[EventRounds "8"]
[EventCountry "CAN"]

1. e4 e6 2. d4 d5 3. e5 c5 4. c3 Nc6 5. Nf3 Qb6 6. Bd3 cxd4 7. cxd4 Bd7 8. Bc2
Bb4+ 9. Nc3 Nge7 10. a3 Bxc3+ 11. bxc3 Rc8 12. Rb1 Qc7 13. Bb2 Na5 14. Nd2 Bb5
15. Ba4 Qd7 16. Bxb5 Qxb5 17. Ba1 Qa6 18. Qa4+ Nec6 19. Nb3 O-O 20. Nc5 Qc4 21.
Qxc4 dxc4 22. Ke2 b6 23. Ne4 Nb7 24. Bb2 Ne7 25. h4 Nd5 26. Kf3 Na5 27. g4 Nb3
28. Rbg1 f6 29. exf6 Nxf6 30. Nxf6+ Rxf6+ 31. Ke3 Rcf8 32. Rf1 Rf3+ 33. Ke2
R3f4 34. f3 Kf7 35. Bc1 Nxc1+ 36. Rxc1 Ke7 37. Rh3 Kd6 38. Rb1 Kc6 39. Rb4 b5
40. a4 a6 41. Rg3 R4f7 42. a5 Kd5 43. Rb1 Rf4 44. Kf2 Rb8 45. Ke3 Rf7 46. h5
Re8 47. f4 Ref8 48. Rf1 Re7 49. Rgf3 Ref7 50. Ke2 Rb7 51. Rb1 Rfb8 52. Rb4 g6
53. h6 Rf7 54. Ke3 Rbf8 55. g5 Rd7 56. Rf2 e5 57. dxe5 Ke6 58. Ke4 Rd3 59. Rf3
Rd2 60. Rb1 Rfd8 61. Rff1 R8d3 62. Rfe1 Rxc3 63. Red1 Rcd3 64. Re1 Rd4+ 65. Kf3
Kf5 66. e6 R4d3+ 67. Re3 Rxe3+ 68. Kxe3 Rd3+ 69. Kf2 Kxe6 70. Re1+ Kf7 71. Ke2
Rd7 72. Rf1 Rd5 73. Rf3 b4 0-1

[Event "CAN-ch U20 U1800"]
[Site "Toronto CAN"]
[Date "2019.08.11"]
[Round "8.28"]
[White "Zhu, Ricky"]
[Black "Wang, Rachel"]
[Result "0-1"]
[WhiteElo "1481"]
[BlackElo "1646"]
[PlyCount "59"]
[EventDate "2019.08.08"]
[EventType "swiss"]
[EventRounds "8"]
[EventCountry "CAN"]

1. e4 c5 2. c3 Nf6 3. e5 Nd5 4. d4 cxd4 5. cxd4 Nc6 6. Nf3 e6 7. Nc3 Bb4 8. Bd2
Nxc3 9. bxc3 Be7 10. Bd3 b6 11. O-O Bb7 12. a3 d6 13. exd6 Bxd6 14. Re1 O-O 15.
Bxh7+ Kxh7 16. Ng5+ Kg6 17. Qc2+ f5 18. Nxe6 Bxh2+ 19. Kh1 Qh4 20. Nxf8+ Rxf8
21. Re6+ Kh7 22. Be1 Bg3+ 23. Kg1 Qh2+ 24. Kf1 Ba6+ 25. c4 Nxd4 26. fxg3 Nxc2
27. g4 Bxc4+ 28. Re2 Bxe2+ 29. Kf2 Nxa1 30. Ba5 0-1

[Event "CAN-ch U20 U1800"]
[Site "Toronto CAN"]
[Date "2019.08.11"]
[Round "8.29"]
[White "Zuo, Roger"]
[Black "Sokol, Anna"]
[Result "1/2-1/2"]
[WhiteElo "1235"]
[BlackElo "1588"]
[PlyCount "43"]
[EventDate "2019.08.08"]
[EventType "swiss"]
[EventRounds "8"]
[EventCountry "CAN"]

1. e4 e6 2. d4 d5 3. Nc3 Bb4 4. Nge2 Ne7 5. g3 a6 6. Bg2 O-O 7. a3 Ba5 8. O-O
Nbc6 9. b4 Bb6 10. Na4 Ba7 11. Nc5 b6 12. Nb3 Ng6 13. Nc3 Nce7 14. a4 Bb7 15.
Re1 Rc8 16. Be3 dxe4 17. Bxe4 Bxe4 18. Nxe4 Nd5 19. b5 Nxe3 20. fxe3 a5 21. c4
c6 22. c5 1/2-1/2

[Event "CAN-ch U20 U1800"]
[Site "Toronto CAN"]
[Date "2019.08.11"]
[Round "8.30"]
[White "Chen, Vincent"]
[Black "Zhou, Johnson"]
[Result "0-1"]
[WhiteElo "1368"]
[BlackElo "1358"]
[PlyCount "114"]
[EventDate "2019.08.08"]
[EventType "swiss"]
[EventRounds "8"]
[EventCountry "CAN"]

1. Nf3 d5 2. g3 Nf6 3. Bg2 Bf5 4. O-O e6 5. d3 Nbd7 6. b3 Bc5 7. Bb2 O-O 8.
Nbd2 h6 9. c4 c6 10. a3 Bh7 11. Rc1 Nh5 12. d4 Be7 13. Re1 Ndf6 14. Ne5 Nd7 15.
e4 Nhf6 16. exd5 cxd5 17. f4 Nxe5 18. Rxe5 Nd7 19. Re1 Nf6 20. Nf3 Be4 21. Ne5
Bxg2 22. Kxg2 Bd6 23. Qf3 Qe7 24. f5 Bxa3 25. Bxa3 Qxa3 26. c5 Qb2+ 27. Kg1
Qxd4+ 28. Kh1 Ne4 29. Nd7 Rfd8 30. Rc4 Qd2 31. Rcc1 Rxd7 32. fxe6 fxe6 33. Kg1
Qd4+ 34. Kh1 Nxc5 35. Rcd1 Qb4 36. Rc1 Rf8 37. Qh5 Nxb3 38. Rb1 Qb6 39. Qd1 Re7
40. Rxb3 Qc6 41. Kg1 Qc5+ 42. Kh1 d4 43. Qb1 b6 44. Qe4 Rd8 45. Rd3 Qd5 46.
Qxd5 Rxd5 47. Re4 e5 48. Kg2 Rf7 49. Re2 a5 50. Rb3 b5 51. Reb2 b4 52. Rf3 d3
53. Rd2 e4 54. Rxf7 Kxf7 55. Kf2 Ke6 56. Ke3 Ke5 57. g4 a4 0-1

[Event "CAN-ch U20 U1800"]
[Site "Toronto CAN"]
[Date "2019.08.11"]
[Round "8.31"]
[White "Yang, Lefan"]
[Black "Guo, Anni"]
[Result "1/2-1/2"]
[WhiteElo "1394"]
[BlackElo "1300"]
[PlyCount "78"]
[EventDate "2019.08.08"]
[EventType "swiss"]
[EventRounds "8"]
[EventCountry "CAN"]

1. d4 Nf6 2. Nf3 e6 3. Bf4 d5 4. e3 c5 5. Nbd2 Nc6 6. c3 h6 7. Bb5 Bd7 8. Bxc6
Bxc6 9. Ne5 Rc8 10. Ndf3 Nh5 11. Nxc6 Rxc6 12. Ne5 Nxf4 13. Nxc6 Nxg2+ 14. Kf1
Nxe3+ 15. fxe3 bxc6 16. Ke2 cxd4 17. cxd4 Qb6 18. Qb3 Qa6+ 19. Kf2 Be7 20. Qb8+
Bd8 21. Qb3 O-O 22. h4 Bc7 23. Rhc1 Rb8 24. Qc2 Bd8 25. Rh1 Bf6 26. b3 Rc8 27.
Rac1 Qa3 28. Kg2 Qe7 29. Qf2 e5 30. Rce1 Qd7 31. Kf1 c5 32. dxc5 Rxc5 33. e4 d4
34. Kg1 Rc3 35. Kf1 d3 36. Qf5 Qb5 37. Kg1 d2 38. Rd1 Rc1 39. Kf2 Qb6+ 1/2-1/2

[Event "CAN-ch U20 U1800"]
[Site "Toronto CAN"]
[Date "2019.08.11"]
[Round "8.32"]
[White "Lin, Joey"]
[Black "Dey, Jan Marten"]
[Result "0-1"]
[WhiteElo "1450"]
[BlackElo "1381"]
[PlyCount "62"]
[EventDate "2019.08.08"]
[EventType "swiss"]
[EventRounds "8"]
[EventCountry "CAN"]

1. e4 c6 2. d3 d5 3. Qe2 dxe4 4. dxe4 e5 5. g3 Nf6 6. Bg2 Bg4 7. Nf3 Bc5 8. O-O
O-O 9. Be3 Nbd7 10. Bxc5 Nxc5 11. Nc3 Qb6 12. Rab1 Rad8 13. Qe3 Rfe8 14. b4
Ncd7 15. Qxb6 Nxb6 16. Rfe1 Nc4 17. Nd1 Nd2 18. Nxd2 Rxd2 19. Ne3 Red8 20. a3
Bh5 21. Nc4 Rxc2 22. Nxe5 Rdd2 23. Nd3 Rxd3 24. e5 Ng4 25. Be4 Rdd2 26. Bxc2
Rxc2 27. Rbd1 Kf8 28. Rd8+ Ke7 29. Rb8 Nxf2 30. Rxb7+ Ke6 31. Rxa7 Nh3+ 0-1

[Event "CAN-ch U20 U1800"]
[Site "Toronto CAN"]
[Date "2019.08.11"]
[Round "8.33"]
[White "Wu, Ingrid"]
[Black "Lin, Ethan"]
[Result "1-0"]
[WhiteElo "1313"]
[BlackElo "1448"]
[PlyCount "97"]
[EventDate "2019.08.08"]
[EventType "swiss"]
[EventRounds "8"]
[EventCountry "CAN"]

1. e4 c5 2. Nf3 e6 3. d4 cxd4 4. Nxd4 a6 5. Nc3 Qc7 6. Be3 d6 7. Qd2 b5 8. f3
Nf6 9. g4 Nbd7 10. h4 b4 11. Nce2 d5 12. g5 Nh5 13. exd5 exd5 14. f4 Bd6 15.
Bg2 Nb6 16. Bf3 g6 17. Nb3 Bb7 18. Qd4 O-O-O 19. Qxb6 Qxb6 20. Bxb6 Rde8 21.
Bxh5 gxh5 22. Rf1 Re4 23. Kd2 a5 24. Nxa5 Ba6 25. Rf2 Bxe2 26. Rxe2 Bxf4+ 27.
Kd3 Rhe8 28. Rxe4 Rxe4 29. Bf2 Be5 30. Re1 Bxb2 31. Rxe4 dxe4+ 32. Kxe4 f6 33.
Kf5 fxg5 34. Kxg5 Bc1+ 35. Kxh5 Kc7 36. Bc5 Bd2 37. Nc4 Bc1 38. Bxb4 Kc6 39.
Bd2 Bxd2 40. Nxd2 Kb5 41. Kh6 Kb4 42. Kxh7 Kc3 43. Ne4+ Kb2 44. h5 Kc1 45. h6
Kb2 46. Kg7 Kxc2 47. h7 Kb1 48. h8=Q Kc2 49. Qh3 1-0

[Event "CAN-ch U20 U1800"]
[Site "Toronto CAN"]
[Date "2019.08.11"]
[Round "8.34"]
[White "Zhang, Joyce"]
[Black "Jeyakumar, Yathushan"]
[Result "0-1"]
[WhiteElo "1339"]
[BlackElo "1442"]
[PlyCount "84"]
[EventDate "2019.08.08"]
[EventType "swiss"]
[EventRounds "8"]
[EventCountry "CAN"]

1. e4 c5 2. Nf3 e6 3. c3 Nf6 4. d3 Nc6 5. Bf4 a6 6. g3 Be7 7. Bg2 O-O 8. O-O b5
9. a3 Bb7 10. Nbd2 d6 11. d4 c4 12. Qc2 Rc8 13. e5 dxe5 14. Nxe5 Qb6 15. Be3
Qc7 16. f4 Nd5 17. Bf2 Nxe5 18. fxe5 a5 19. Rac1 b4 20. cxb4 axb4 21. Qxc4 Qa5
22. Qb3 Ba6 23. axb4 Bxb4 24. Ra1 Qb6 25. Rfd1 Be2 26. Re1 Bb5 27. Bxd5 Bxd2
28. Red1 exd5 29. Rxd2 Rfd8 30. Rc2 Rxc2 31. Qxc2 Bc4 32. Qd2 Rb8 33. b4 h6 34.
Rb1 Qg6 35. Rb2 h5 36. Qd1 h4 37. Qb1 Qg4 38. Qa1 h3 39. Be3 Qe4 40. Qe1 Rxb4
41. Rd2 Rb1 42. Rb2 Rxe1+ 0-1

[Event "CAN-ch U20 U1800"]
[Site "Toronto CAN"]
[Date "2019.08.11"]
[Round "8.35"]
[White "Yao, Henry"]
[Black "Xu, Xinge"]
[Result "1/2-1/2"]
[WhiteElo "1475"]
[BlackElo "1282"]
[PlyCount "58"]
[EventDate "2019.08.08"]
[EventType "swiss"]
[EventRounds "8"]
[EventCountry "CAN"]

1. e4 c5 2. Nf3 Nc6 3. d4 cxd4 4. Nxd4 Nf6 5. Nc3 e5 6. Ndb5 d6 7. Bg5 a6 8.
Bxf6 gxf6 9. Na3 b5 10. Nd5 f5 11. exf5 Bxf5 12. Bd3 Be6 13. c4 Nd4 14. Nc2
Bxd5 15. cxd5 Nxc2+ 16. Bxc2 Qa5+ 17. Qd2 Qxd2+ 18. Kxd2 Bh6+ 19. Ke2 Rc8 20.
Bf5 Rc5 21. Rhd1 Ke7 22. g4 Bf4 23. h3 h6 24. f3 Rb8 25. Kf2 Rb7 26. h4 f6 27.
h5 Rbc7 28. Be4 Bg5 29. Ke2 a5 1/2-1/2

[Event "CAN-ch U20 U1800"]
[Site "Toronto CAN"]
[Date "2019.08.11"]
[Round "8.36"]
[White "Prasanna, Shreyas"]
[Black "Singh, Anya"]
[Result "1/2-1/2"]
[WhiteElo "1412"]
[BlackElo "1243"]
[PlyCount "62"]
[EventDate "2019.08.08"]
[EventType "swiss"]
[EventRounds "8"]
[EventCountry "CAN"]

1. d4 Nf6 2. c4 g6 3. Nc3 Bg7 4. e4 d6 5. Nf3 O-O 6. Be2 Nbd7 7. h3 c5 8. d5
Nb6 9. Be3 e6 10. O-O exd5 11. exd5 Bf5 12. Bf4 Ne4 13. Nxe4 Bxe4 14. Qb3 Qf6
15. Bc1 Rfe8 16. Ng5 Bxd5 17. cxd5 Rxe2 18. Rb1 Rae8 19. Nf3 Qf5 20. Be3 Qxd5
21. Qb5 R2xe3 22. fxe3 Rxe3 23. b3 h6 24. Rbd1 Qe6 25. Qa5 Nc8 26. Rfe1 b6 27.
Qd2 Rxe1+ 28. Rxe1 Qd7 29. Qd5 Ne7 30. Qe4 Nc6 31. Rd1 Nd4 1/2-1/2

[Event "CAN-ch U20 U2100"]
[Site "Toronto CAN"]
[Date "2019.08.08"]
[Round "1.12"]
[White "Raninga, Aditya"]
[Black "Ramesh, Sanjay"]
[Result "0-1"]
[WhiteElo "2044"]
[BlackElo "1840"]
[PlyCount "66"]
[EventDate "2019.08.08"]
[EventType "swiss"]
[EventRounds "8"]
[EventCountry "CAN"]

1. e4 c6 2. d4 d5 3. exd5 cxd5 4. Bd3 Nc6 5. c3 Nf6 6. Bf4 Bg4 7. Qb3 Qd7 8.
Nd2 e6 9. Ngf3 Bxf3 10. Nxf3 a6 11. Ne5 Nxe5 12. Bxe5 Be7 13. O-O O-O 14. f4
Ne4 15. Bxe4 dxe4 16. Qb6 Rac8 17. f5 exf5 18. Qa5 Qe6 19. Bg3 g6 20. Rae1 Bd6
21. Bxd6 Qxd6 22. g3 Rfd8 23. Re3 Qd5 24. Qa3 Re8 25. b3 Rxc3 26. Rxc3 Qxd4+
27. Kg2 Qxc3 28. Qd6 e3 29. Qd7 Re6 30. Qd8+ Kg7 31. g4 e2 32. Re1 Qxe1 33.
Qd4+ Rf6 0-1

[Event "CAN-ch U20 U2100"]
[Site "Toronto CAN"]
[Date "2019.08.08"]
[Round "1.13"]
[White "He, Matthew"]
[Black "Ma, Yue Ran"]
[Result "0-1"]
[WhiteElo "1832"]
[BlackElo "1997"]
[PlyCount "58"]
[EventDate "2019.08.08"]
[EventType "swiss"]
[EventRounds "8"]
[EventCountry "CAN"]

1. d4 d5 2. c4 e6 3. Nc3 Nf6 4. cxd5 exd5 5. Bg5 Be7 6. e3 O-O 7. Bd3 c6 8. Nf3
Re8 9. Qc2 Ne4 10. Nxe4 dxe4 11. Bxe4 Bxg5 12. h4 Qa5+ 13. Nd2 Be7 14. Bxh7+
Kh8 15. h5 Bb4 16. h6 Bxd2+ 17. Ke2 Bg4+ 18. f3 Bxe3 19. hxg7+ Kxg7 20. fxg4
Bxd4+ 21. Be4 Qb5+ 22. Kf3 Qg5 23. Rh7+ Kg8 24. Qb3 Qf6+ 25. Kg3 Rxe4 26. Qxb7
Qf4+ 27. Kh3 Re3+ 28. Kh4 Bf6+ 29. Kh5 Qg5# 0-1

[Event "CAN-ch U20 U2100"]
[Site "Toronto CAN"]
[Date "2019.08.08"]
[Round "1.14"]
[White "Yang, Brian"]
[Black "Xiao, Edward"]
[Result "1/2-1/2"]
[WhiteElo "1974"]
[BlackElo "1831"]
[PlyCount "46"]
[EventDate "2019.08.08"]
[EventType "swiss"]
[EventRounds "8"]
[EventCountry "CAN"]

1. e4 c5 2. Nf3 d6 3. d4 cxd4 4. Nxd4 Nf6 5. Nc3 a6 6. Be3 e5 7. Nb3 Be6 8. f3
Be7 9. Qd2 Nbd7 10. g4 b5 11. g5 Nh5 12. O-O-O O-O 13. Rg1 Rc8 14. Nd5 Bxd5 15.
exd5 f5 16. gxf6 Rxf6 17. Bh3 Nf4 18. Bxf4 Rxf4 19. Na5 Bg5 20. Nc6 Rg4 21.
Nxd8 Bxd2+ 22. Kxd2 Rxg1 23. Rxg1 Rxd8 1/2-1/2

[Event "CAN-ch U20 U2100"]
[Site "Toronto CAN"]
[Date "2019.08.08"]
[Round "1.15"]
[White "Yuen, Noah"]
[Black "Ning, Alwin"]
[Result "1-0"]
[WhiteElo "1785"]
[BlackElo "1969"]
[PlyCount "69"]
[EventDate "2019.08.08"]
[EventType "swiss"]
[EventRounds "8"]
[EventCountry "CAN"]

1. d4 d5 2. c4 c6 3. Nf3 Nf6 4. e3 e6 5. Nbd2 Nbd7 6. b3 Bd6 7. Bb2 O-O 8. Bd3
Re8 9. Ne5 c5 10. O-O cxd4 11. exd4 b6 12. f4 Bb7 13. Ndf3 h6 14. Nxd7 Qxd7 15.
Ne5 Qe7 16. Qe2 Rac8 17. Rae1 Bb4 18. Rd1 Red8 19. f5 exf5 20. Rxf5 Bd6 21.
Rdf1 Rc7 22. Bc1 Bc8 23. R5f2 Bxe5 24. Qxe5 Qxe5 25. dxe5 Nd7 26. Rxf7 Rf8 27.
Rxf8+ Nxf8 28. cxd5 Bb7 29. Ba3 Nd7 30. d6 Rc3 31. Bc4+ Kh7 32. e6 Nf6 33. d7
Ng4 34. d8=Q Rc2 35. Bd3+ 1-0

[Event "CAN-ch U20 U2100"]
[Site "Toronto CAN"]
[Date "2019.08.08"]
[Round "1.16"]
[White "Xie, Austin"]
[Black "Xu, Alex"]
[Result "0-1"]
[WhiteElo "1954"]
[BlackElo "1763"]
[PlyCount "112"]
[EventDate "2019.08.08"]
[EventType "swiss"]
[EventRounds "8"]
[EventCountry "CAN"]

1. e4 e6 2. d4 d5 3. Nc3 Nf6 4. e5 Nfd7 5. f4 c5 6. Nf3 Nc6 7. Be3 cxd4 8. Nxd4
Bc5 9. Qd2 Nxd4 10. Bxd4 Bxd4 11. Qxd4 O-O 12. Bd3 Qb6 13. Qxb6 Nxb6 14. O-O-O
Bd7 15. b3 Rac8 16. Kb2 Rc7 17. Rhe1 Bc6 18. g3 Nd7 19. Ne2 Nc5 20. Nd4 Nxd3+
21. Rxd3 Rfc8 22. Re2 Bd7 23. g4 Rc5 24. Rf3 a5 25. a4 b5 26. axb5 Bxb5 27.
Ref2 a4 28. f5 Bd7 29. fxe6 Bxe6 30. Nf5 Bxf5 31. gxf5 axb3 32. cxb3 Re8 33.
Re2 d4 34. e6 fxe6 35. b4 Rb5 36. Kb3 e5 37. Kc4 Reb8 38. Rg3 Rxb4+ 39. Kd5
Rd8+ 40. Kc5 Rbb8 41. Rxe5 Rbc8+ 42. Kb4 Kf7 43. Rd3 Kf6 44. Re4 Kxf5 45. Rexd4
Rxd4+ 46. Rxd4 g5 47. h3 h5 48. Rd5+ Kf4 49. h4 g4 50. Rxh5 g3 51. Rg5 Kf3 52.
Rg7 Rh8 53. Kc3 Rxh4 54. Kd2 g2 55. Ke1 Re4+ 56. Kd1 Rg4 0-1

[Event "CAN-ch U20 U2100"]
[Site "Toronto CAN"]
[Date "2019.08.08"]
[Round "1.17"]
[White "Sharma, Vishruth"]
[Black "Liu, Henry"]
[Result "0-1"]
[WhiteElo "1758"]
[BlackElo "1928"]
[PlyCount "108"]
[EventDate "2019.08.08"]
[EventType "swiss"]
[EventRounds "8"]
[EventCountry "CAN"]

1. e4 e6 2. d4 d5 3. Nc3 Nf6 4. e5 Nfd7 5. f4 c5 6. Nf3 Nc6 7. Be3 Be7 8. Be2
b6 9. O-O O-O 10. Kh1 f6 11. Bb5 Bb7 12. Ne2 a6 13. Bxc6 Bxc6 14. c3 c4 15. Qe1
Nb8 16. Qg3 Be8 17. Qh3 Qd7 18. g4 Bg6 19. Ng3 Bd3 20. Rf2 Nc6 21. Rg1 f5 22.
Rfg2 g6 23. gxf5 Bxf5 24. Nxf5 Rxf5 25. Nh4 Bxh4 26. Qxh4 Ne7 27. Qg4 Raf8 28.
Rf1 R5f7 29. Rf3 Nf5 30. Bc1 Qa4 31. a3 Qd1+ 32. Rg1 Qe2 33. Rff1 Qc2 34. Rg2
Qa4 35. h4 Kh8 36. h5 Rg7 37. Rfg1 Qe8 38. hxg6 Rxg6 39. Qe2 Rh6+ 40. Rh2 Rxh2+
41. Kxh2 Rg8 42. Rg5 h6 43. Qh5 Qxh5+ 44. Rxh5 Kh7 45. Rh3 Rg4 46. Rf3 Kg6 47.
a4 a5 48. Bd2 Nh4 49. Rg3 h5 50. Rxg4+ hxg4 51. Kg3 Kh5 52. Be1 Nf5+ 53. Kh2
Ne3 54. Bd2 Nf1+ 0-1

[Event "CAN-ch U20 U2100"]
[Site "Toronto CAN"]
[Date "2019.08.08"]
[Round "1.18"]
[White "Huang, Ryan"]
[Black "Locham, Divjot"]
[Result "1-0"]
[WhiteElo "1920"]
[BlackElo "1708"]
[PlyCount "73"]
[EventDate "2019.08.08"]
[EventType "swiss"]
[EventRounds "8"]
[EventCountry "CAN"]

1. d4 d5 2. c4 dxc4 3. e4 Nf6 4. e5 Nd5 5. Bxc4 Nb6 6. Bb3 Nc6 7. Be3 Bf5 8.
Nc3 e6 9. Nge2 Be7 10. O-O O-O 11. h3 Bg5 12. f4 Be7 13. g4 Bg6 14. Kh2 Qd7 15.
Ng3 Bh4 16. Nge4 Be7 17. Qd2 Rad8 18. Rad1 Bb4 19. Qf2 Ne7 20. Bc1 Nbd5 21.
Nxd5 Nxd5 22. Ng3 f6 23. Qg2 c6 24. h4 Be7 25. Qh3 b5 26. f5 Bf7 27. Rg1 Rc8
28. Ne4 Qc7 29. g5 exf5 30. gxf6 Nxf6 31. Bh6 Bxb3 32. Rxg7+ Kh8 33. Qxf5 Bg8
34. Rxe7 Nxe4 35. Bxf8 Rxf8 36. Qxf8 Qa5 37. Qg7# 1-0